Prealgebra : (Record no. 7705)

MARC details
000 -LEADER
fixed length control field 00609nam a22001937a 4500
003 - CONTROL NUMBER IDENTIFIER
control field OSt
005 - DATE AND TIME OF LATEST TRANSACTION
control field 20260122055932.0
008 - FIXED-LENGTH DATA ELEMENTS--GENERAL INFORMATION
fixed length control field 260122b |||||||| |||| 00| 0 eng d
020 ## - INTERNATIONAL STANDARD BOOK NUMBER
International Standard Book Number 0-07-296910-5.
040 ## - CATALOGING SOURCE
Original cataloging agency DWCL-Main lib
Transcribing agency OC
082 ## - DEWEY DECIMAL CLASSIFICATION NUMBER
Edition number 3rd edition
Classification number GR. 513.14 B118p 2006
100 ## - MAIN ENTRY--PERSONAL NAME
Personal name Bach, Daniel J.
245 ## - TITLE STATEMENT
Title Prealgebra :
Remainder of title mathematics for a variable world
Statement of responsibility, etc. Bach, Daniel J.
260 ## - PUBLICATION, DISTRIBUTION, ETC.
Place of publication, distribution, etc. N. Y. :
Name of publisher, distributor, etc. McGraw-Hill,
Date of publication, distribution, etc. c2006.
300 ## - PHYSICAL DESCRIPTION
Extent xxii (various paging) :
Other physical details colored illustration ;
Dimensions 27 cm.
650 ## - SUBJECT ADDED ENTRY--TOPICAL TERM
Source of heading or term 1. Mathematics
700 ## - ADDED ENTRY--PERSONAL NAME
Personal name Leitner, Patricia J.
942 ## - ADDED ENTRY ELEMENTS (KOHA)
Source of classification or shelving scheme Dewey Decimal Classification
Koha item type General Reference
Edition 3rd ed.
Call number prefix GR.
Suppress in OPAC No
952 ## - LOCATION AND ITEM INFORMATION (KOHA)
--
Holdings
Withdrawn status Lost status Source of classification or shelving scheme Damaged status Not for loan Home library Current library Shelving location Date acquired Source of acquisition Cost, normal purchase price Total Checkouts Full call number Barcode Date last seen Copy number Price effective from Koha item type Uniform Resource Identifier
    Dewey Decimal Classification     College Library College Library General Reference 11/02/2007 Donation 0.00   GR. 513.14 B118p 2006 CL45306 01/22/2026 c1 01/22/2026 GR